000 01363nam a2200241Ia 4500
999 _c40662
_d40662
001 7290
003 GE_BSU
005 20231117120739.0
008 181216s2013||||ge |||||||||||||| ||geo||
020 _a9789941417089
040 _cGE_BSU
041 _ageo
080 _a574(075.8) ჟ-64
100 _aჟორჟოლიანი, ცირა
_94979
245 _aკონსერვაციული ბიოლოგია და საქართველოს დაცული ტერიტორიები = Biological Conservation And Peotected Areas Of Georgia
_cცირა ჟორჟოლიანი, ემზარ გორდაძე ; რედ. ხათუნა წიკლაური.
264 _aქუთაისი :
_bაკაკი წერეთლის სახელმწიფო უნ-ტის გამ-ბა.
_c2013.
300 _a508 გვ. :
_bსურ. ცხრ. ;
_c20 სმ.
653 _aბიოლოგია
653 _aკონსერვაციული ბიოლოგია და საქართველოს დაცული ტერიტორიები
700 _aგორდაძე, ემზარ
_eავტორი
_94980
700 _aწიკლაური, ხათუნა
_eრედაქტორი
_920420
942 _cBK
_2udc